[Event "San Bernardino op"]
[Site "San Bernardino"]
[Date "2013.09.15"]
[Round "4"]
[White "Stojanovic, Ljubisa"]
[Black "Ambrosini, Andrea"]
[Result "0-1"]
[WhiteElo "1700"]
[BlackElo "1682"]
[PlyCount "54"]
[EventDate "2013.09.13"]
[EventType "swiss"]
[EventRounds "9"]
[EventCountry "SUI"]
[SourceTitle "EXT 2014"]
[Source "ChessBase"]
[SourceDate "2013.11.20"]
[SourceVersion "1"]
[SourceVersionDate "2013.11.20"]
[SourceQuality "1"]

1. d4 Nf6 2. c4 g6 3. Nc3 Bg7 4. Bf4 0-0 5. Nf3 d6 6. h3 a5 7. e3 Na6 8. a3 c5 9. Bd3 Bd7 10. 0-0 Bc6 11. d5 Bd7 12. Rb1 Ne8 13. Re1 e5 14. dxe6 fxe6 15. Bh2 Bxc3 16. bxc3 Qf6 17. Qc2 Bc6 18. Be4 d5 19. Be5 Qf7 20. Ng5 Qe7 21. Bxg6 Qxg5 22. Bxh7+ Kf7 23. Bf4 Qg7 24. cxd5 exd5 25. Qf5+ Nf6 26. g3 Qxh7 27. Qe5 Rae8 0-1

[Event "San Bernardino op"]
[Site "San Bernardino"]
[Date "2013.09.14"]
[Round "3"]
[White "Stojanovic, Ljubisa"]
[Black "Borin, Fabio"]
[Result "1-0"]
[WhiteElo "1700"]
[BlackElo "2103"]
[PlyCount "77"]
[EventDate "2013.09.13"]
[EventType "swiss"]
[EventRounds "9"]
[EventCountry "SUI"]
[SourceTitle "EXT 2014"]
[Source "ChessBase"]
[SourceDate "2013.11.20"]
[SourceVersion "1"]
[SourceVersionDate "2013.11.20"]
[SourceQuality "1"]

1. d4 d6 2. c4 e5 3. e3 Nd7 4. Nc3 g6 5. g3 Bg7 6. Bg2 Ngf6 7. Nge2 0-0 8. 0-0 Re8 9. e4 exd4 10. Nxd4 Nc5 11. Bg5 h6 12. Bxf6 Qxf6 13. Ndb5 Na6 14. Rb1 c6 15. Na3 Be6 16. Re1 Rad8 17. Re3 h5 18. Qe2 Bh6 19. Rf3 Qe5 20. h3 Qc5 21. Nd1 Nb4 22. b3 Bf5 23. Nc3 Re5 24. Nc2 Rde8 25. Nxb4 Qxb4 26. Rd3 Bc8 27. Qd1 Bf8 28. Qc1 Ra5 29. Rb2 Bg7 30. Re2 Be6 31. Qd2 Bf8 32. f4 Qc5+ 33. Kh2 Ra6 34. e5 dxe5 35. Rxe5 Qa3 36. Re2 Ra5 37. Ne4 Be7 38. Nd6 Rb8 39. b4 1-0